000 00722nam a2200205 a 4500
001 BRCA_2056
005 20190320203643.0
008 060808s2002----mx-a---###---#000-0#spa-#
050 4 _aN910.M42
_b.M38 2002
100 1 _aMatsumoto Miho, Sumika
_96270
245 1 0 _aEl taller infantil de artes plásticas del Museo Franz Mayer.
260 _aCiudad de México
_c2002
300 _a137 p.
_bil., mapas
502 _aTesis Licenciatura (Licenciada en Diseño Gráfico) Universidad Iberoamericana
610 2 4 _aMuseo Franz Mayer (Ciudad de México)
_xTalleres infantiles
_96271
650 1 4 _aTaller infantil
_xArtes plásticas
_96272
700 1 _aRivero Borrell, Héctor
_easesor
_92938
902 _aTES
942 _2lcc
_cTES
999 _c1820
_d1820